LEADER 00673nam a2200169 i 4500 001 000000152886 003 CaOOAMICUS 005 20060906000000.0 008 060906s1940 it u000 u ita u 013 $a130227 040 $aSeMil$bita 245 10$aItalia meridionale e insulare. Libia :$b8 carte, 34 piante di città. 300 $a448 p. + 8 c. geogr. ripiegate. 773 0 $tGuida breve.$dMilano : Touring Club Italiano, 1937-1940.$gVolume3$w()16289 850 $aSeMil 852 $aSeMil$W1$xVenegono$y1$m4Y II 36$j104830$B104830$CSeMilBibl$Z2$F113991 $81 996 $6245$aItalia meridionale e insulare. Libia :$b8 carte, 34 piante di città$9(OLS)http://semarc/title/223595 LEADER 01263nam a2200289 i 4500 001 000000213940 003 CaOOAMICUS 005 20120615000000.0 008 120615s2012 fr u000 u fre u 013 $a192795 020 $a978-2-204-09797-0 040 $aSeMil$bita 245 10$aDieu en tant que Dieu :$bla question philosophique /$cPhilippe Capelle-Dumont (éd.) 260 $aParis :$bLes Éditions du Cerf,$c2012. 300 $a289 p. ;$c22 cm. 490 0 $aPhilosophie & théologie 650 4$aDio - Filosofia.$0(OLS)http://semarc/subject/2018 650 4$aDio - Atti di congressi.$0(OLS)http://semarc/subject/9330 650 4$aDio - Esistenza - Prove.$0(OLS)http://semarc/subject/3962 700 1 $aCapelle-Dumont, Philippe,$d<1954- >.$0(OLS)http://semarc/name/3388 830 0$aPhilosophie & théologie.$0(OLS)http://semarc/title/8604 850 $aSeMil 852 $aSeMil$W1$xVenegono$y1$m2XA A 61$j164368$B164368$CSeMilBibl$Z2$F175385 $81 961 $aSottoscrizione: SODIS 996 $6020$a978-2-204-09797-0$9(OLS)http://semarc/number/210063 996 $6245$aDieu en tant que Dieu :$bla question philosophique$9(OLS)http://semarc/title/308358 996 $6260$aParis :$bLes Éditions du Cerf$9(OLS)http://semarc/publisher/29611